000
00188nam a2200085Ia 4500
008
120527s9999 xx 000 0 und d
100
_a
Mansfield E.
245
_a
Macro economics
942
_c
BK
999
_c
26815
_d
26815